| 000 | 01688nam a2200289Ia 4500 | ||
|---|---|---|---|
| 999 |
_c50353 _d50353 |
||
| 001 | 17294 | ||
| 003 | GE_BSU | ||
| 005 | 20231027110425.0 | ||
| 008 | 181216s2015ge xx |||||||||||||| ||geo|| | ||
| 020 | _a9789941081460 | ||
| 040 | _cGE_BSU | ||
| 041 | _ageo | ||
| 080 | _a069.02:902(479.223) კ-36 | ||
| 100 |
_aკახიძე,ამირან. _96995 |
||
| 245 |
_aბათუმის არქეოლოგიური მუზეუმის საგანძური : _bკატალოგი / _cამირან კახიძე ; თამარ შალიკაძე ; თამარ ფარტენაძე ; რედ. ემზარ კახიძე |
||
| 264 |
_aთბილისი : _bკოლორპაკი, _c2015. |
||
| 300 |
_a112 გვ.: _bილ; _c29 სმ. |
||
| 504 | _aბიბლიოგრაფია: გვ. 110-112. | ||
| 546 | _aთავფურცლის მე-3 გვერდი ინგლისურ. ენაზე. ტექსტი ქართულ და ინგლისურ ენებზე. | ||
| 653 | _aარქეოლოგიური მუზეუმები აჭარაში კატალოგები. | ||
| 653 | _aარქეოლოგიური ექსპონატები. | ||
| 653 | _aაჭარის მატერიალური კულტურის ძეგლები. | ||
| 700 |
_aშალიკაძე, თამარ _91463 |
||
| 700 |
_aფარტენაძე, თამარ _96996 |
||
| 700 |
_aკახიძე, ემზარ _eრედაქტორი _96722 |
||
| 942 |
_cBK _2udc |
||